00341nam a2200097Ia 4500003000900000008004100009040001600050100002600066245011000092260004100202IN-BaIIA211028s9999 xx 000 0 eng d cIIA Library aHermann Schlagintweit 0aReport on the proceedings of the officers engaged in the magnetic survey of IndiacSchlagintweit, Hermann aMadrasbPublished by Authorityc1855